Theoretische Reflexionen ökonomischer Interdependenz (Literaturstudie).
Pokus o objasnenie historických koreňov a teoretických podnetov celosvetovej hospodárskej vzájomnej závislosti. Pritom sa objasňuje súvislosť a vzájomné ovplyvňovanie s inými teóriami. Zdôrazňujú sa predovšetkým pozitívne závery z oblasti zahraničnej politiky v 70. rokoch.
Salvato in:
| Autore principale: | |
|---|---|
| Natura: | Capitolo di libro |
| Lingua: | tedesco |
| Soggetti: | |
| Tags: |
Nessun Tag, puoi essere il primo ad aggiungerne!!
|
MARC
| LEADER | 00000naa a2200000 4500 | ||
|---|---|---|---|
| 001 | r003607 | ||
| 005 | 20221130103936.2 | ||
| 041 | 0 | |a ger | |
| 044 | |a DE | ||
| 245 | 1 | 0 | |a Theoretische Reflexionen ökonomischer Interdependenz (Literaturstudie). |c Ch. Fielauf |
| 520 | |a Pokus o objasnenie historických koreňov a teoretických podnetov celosvetovej hospodárskej vzájomnej závislosti. Pritom sa objasňuje súvislosť a vzájomné ovplyvňovanie s inými teóriami. Zdôrazňujú sa predovšetkým pozitívne závery z oblasti zahraničnej politiky v 70. rokoch. | ||
| 610 | 2 | 0 | |a závislosť ekonomická |
| 610 | 2 | 0 | |a svet |
| 610 | 2 | 0 | |a teórie ekonomické |
| 610 | 2 | 0 | |a politika zahraničná |
| 100 | 1 | |a Fielauf, Ch. | |